Szczegóły MARC21

Turmbau : Stoffe IV-IX /

003 -Nazwa inst., której nr kontr. jest w polu 001 [,]
    • @
    • Nazwa instytucji, której n kontrolny jest w polu 001
    • NUKAT
005 -DATA I CZAS OSTATNIEJ MODYFIKACJI [,]
    • @
    • pole kontrolne
    • 20241231102847.0
020 -Międzynarod. znormalizowany nr książki - ISBN [ , ]
    • a
    • Numer ISBN
    • 3257230699 Find
040 -Instytucja sporządzająca opis [ , ]
    • a
    • Instytucja, która sporządziła opis (NP)
    • WA U/JK
    • b
    • Język katalogowania
    • pol
    • e
    • Zasady katalogowania
    • rda
    • c
    • Instytucja, która sporządziła rekord (NP)
    • WA U/JK
    • d
    • Instytucja, która zmodyfikowała rekord (P)
    • WA U/EBA
    • d
    • Instytucja, która zmodyfikowała rekord (P)
    • SZCZ U/JSs
942 -Rodzaj dokumentu [ , ]
    • c
    • Rodzaj dokumentu
    • Książka
100 -Hasło główne - nazwa osobowa [1, ]
    • a
    • Nazwa osobowa (NP)
    • Dürrenmatt, Friedrich
    • d
    • Daty biograficzne (NP)
    • (1921-1990).
    • e
    • Rodzaj współpracy
    • Autor
    • 9
    • KHW
    • 8592
245 -Strefa tytułu i oznaczenia odpowiedzialności [1,0]
    • a
    • Tytuł
    • Turmbau : Find
    • b
    • Ciąg dalszy tytułu (NP)
    • Stoffe IV-IX / Find
    • c
    • Pozostałe elementy strefy tytułu i oznaczenia odpowiedzialności (NP)
    • Friedrich Dürrenmatt.
260 -Strefa adresu wydawniczego [ , ]
    • a
    • Miejsce wydania (P)
    • Zürich :
    • b
    • Nazwa wydawcy (P)
    • Diogenes,
    • c
    • Data wydania (P)
    • copyright © 1998.
300 -Strefa opisu fizycznego [ , ]
    • a
    • Określenie formy książki i/lub objętość (NP)
    • 278 stron ;
    • c
    • Format (NP)
    • 18 cm.
336 -Typ zawartości [ , ]
    • a
    • Termin opisujący typ zawartości
    • Tekst
    • b
    • Kod określający zawartość
    • txt
    • 2
    • Źródło (terminu i kodu)
    • rdacontent
337 -Typ mediów [ , ]
    • a
    • Tryb odtwarzania
    • Bez urządzenia pośredniczącego
    • b
    • Kod typu mediów
    • n
    • 2
    • Źródło (terminu i kodu)
    • rdamedia
338 -Typ/rodzaj nośnika [ , ]
    • a
    • Hasło opisujące typ nośnika
    • Wolumin
    • b
    • Kod typu nośnika
    • nc
    • 2
    • Źródło (terminu i kodu)
    • rdacarrier
490 -Strefa serii i książki wielotomowej - forma nie do wyszukiwania [1, ]
    • a
    • Tytuł (P)
    • Werkausgabe in siebenunddreißig Bänden / Friedrich Dürrenmatt ; Find
    • v
    • Numeracja (P)
    • Bd. 29
490 -Strefa serii i książki wielotomowej - forma nie do wyszukiwania [1, ]
    • a
    • Tytuł (P)
    • Diogenes Taschenbuch ; Find
    • v
    • Numeracja (P)
    • 23069
830 -Hasło dodatkowe serii i opisu książki wielotomowej - tytuł ujednolicony/tytuł [ ,0]
    • a
    • Tytuł ujednolicony/tytuł (NP)
    • Diogenes Taschenbuch
    • v
    • Oznaczenie tomu (NP)
    • 23069
    • 9
    • KHW
    • 1446
504 -Uwaga dot. bibliogr. załącznikowej [ , ]
    • a
    • Uwaga dot. bibliografii załącznikowej
    • Indeks.
505 -Uwaga dot. zawartości książki [0, ]
    • a
    • Uwaga dot. zawartości książki
    • Begegnungen ; Querfahrt ; Die Brücke ; Das Haus ; Vinter ; Das Hirn.
655 -Hasło w funkcji tematu formalnego [ ,7]
    • a
    • Hasło
    • Proza szwajcarska w języku niemieckim
    • y
    • Określnik chronologiczny
    • 1945-.
    • 2
    • Źródło terminu
    • kaba
    • 9
    • KHW
    • 452402
700 -Hasło dodatkowe - nazwa osobowa [1,2]
    • a
    • Nazwa osobowa (NP)
    • Dürrenmatt, Friedrich Find
    • d
    • Daty biograficzne (NP)
    • (1921-1990).
    • t
    • Tytuł ujednolicony/tytuł (NP)
    • Begegnungen Find
    • l
    • Język tekstu (NP)
    • (niem.)
    • 9
    • KHW
    • 485978
700 -Hasło dodatkowe - nazwa osobowa [1,2]
    • a
    • Nazwa osobowa (NP)
    • Dürrenmatt, Friedrich Find
    • d
    • Daty biograficzne (NP)
    • (1921-1990).
    • t
    • Tytuł ujednolicony/tytuł (NP)
    • Querfahrt Find
    • l
    • Język tekstu (NP)
    • (niem.)
    • 9
    • KHW
    • 485982
700 -Hasło dodatkowe - nazwa osobowa [1,2]
    • a
    • Nazwa osobowa (NP)
    • Dürrenmatt, Friedrich Find
    • d
    • Daty biograficzne (NP)
    • (1921-1990).
    • t
    • Tytuł ujednolicony/tytuł (NP)
    • Brücke Find
    • l
    • Język tekstu (NP)
    • (niem.)
    • 9
    • KHW
    • 485979
700 -Hasło dodatkowe - nazwa osobowa [1,2]
    • a
    • Nazwa osobowa (NP)
    • Dürrenmatt, Friedrich Find
    • d
    • Daty biograficzne (NP)
    • (1921-1990).
    • t
    • Tytuł ujednolicony/tytuł (NP)
    • Haus Find
    • l
    • Język tekstu (NP)
    • (niem.)
    • 9
    • KHW
    • 485980
700 -Hasło dodatkowe - nazwa osobowa [1,2]
    • a
    • Nazwa osobowa (NP)
    • Dürrenmatt, Friedrich Find
    • d
    • Daty biograficzne (NP)
    • (1921-1990).
    • t
    • Tytuł ujednolicony/tytuł (NP)
    • Vinter Find
    • l
    • Język tekstu (NP)
    • (niem.)
    • 9
    • KHW
    • 485983
700 -Hasło dodatkowe - nazwa osobowa [1,2]
    • a
    • Nazwa osobowa (NP)
    • Dürrenmatt, Friedrich Find
    • d
    • Daty biograficzne (NP)
    • (1921-1990).
    • t
    • Tytuł ujednolicony/tytuł (NP)
    • Hirn Find
    • l
    • Język tekstu (NP)
    • (niem.)
    • 9
    • KHW
    • 485981
800 -Hasło dodatkowe opisu książki wielotomowej - nazwa osobowa [1, ]
    • a
    • Nazwa osobowa (NP)
    • Dürrenmatt, Friedrich
    • d
    • Daty biograficzne (NP)
    • (1921-1990).
    • t
    • Tytuł ujednolicony/tytuł (NP)
    • Werkausgabe in siebenunddreißig Bänden
    • v
    • Oznaczenie tomu (NP)
    • Bd. 29
    • 9
    • KHW
    • 485538
920 -ISBN [ , ]
    • a
    • ISBN
    • 3-257-23069-9 Find
Lokalizacja Data inwentaryzacji Numer inwentarzowy Status udost. Sygnatura
BM2019-03-23BC.12477-3Germ. Literatura szwajcarska